000 00641cam a2200241 4500
001 J92742
008 090401t1998 xxu||||| |||| 00| 0 eng d
035 _a(Sirsi) u87270
041 _aeng
050 _a690.23
110 _aE C Harris
_91524
245 _aEconomics survey. - Number 57 (February 1998) - Number 60 (November 1998)
260 _aLondon
_bE.C. Harris
_c1998
300 _a4 pt. ; 30cm.
350 _a0
650 _aCONSTRUCTION INDUSTRY
650 _aREGIONAL FACTORS
650 _aBCIS ALL-IN TENDER PRICE INDEX
650 _aTENDER PRICES
690 _aBUILT ENVIRONMENT
942 _n0
948 _c08/07/1998
999 _c97208
_d97208